000 04528nam a2200481Ia 4500
001 dia_5234
003 CHAP
005 20241121124855.0
007 ta
008 220117s2008 mx d frm 001 0 spa d
010 _a176137
040 _cCHAP
_amxchpua
_erda
090 _aTesis
_bC67
_c2008
100 1 _aCorchado Navarro, Pilar
240 1 0 _aOptimization of the apple slices dehydration osmotic process.
_lEspañol
245 1 0 _aOptimización del proceso de osmodeshidratación de orejones de manzana /
_cPilar Corchado Navarro
264 _aChapingo, México :
_bEl autor,
_c2008
300 _avi, 55 hojas :
_bgráficas, tablas
336 _2rdacontent
_atexto
_btxt
337 _2rdamedia
_ano mediado
_bn
338 _2rdacarrier
_avolumen
_bnc
502 _aTesis
_b(Ingeniero Agroindustrial) --
_cUACh. Departamento de Ingeniería Agroindustrial,
_d2008
504 _aBibliografía: hojas 50-52
520 3 _aEl proceso de deshidratación osmótica de rebanadas de manzana variedad Golden Delicious empleando soluciones de sacarosa a diferentes concentraciones (40, 50 y 60°Brix), diferentes temperaturas (22, 31 y 40°C), con proporción fruta: solución de 1:4 (p/p) durante diferentes tiempos de inmersión (60, 210 y 360 minutos) fue evaluado. La pérdida de humedad fue mayor al incrementarse la temperatura y la concentración de la solución. Debido al comportamiento logarítmico del proceso, la mayor pérdida de agua se produjo en los primeros intervalos de tiempo, de tal manera que a medida que el proceso transcurrió se requirieron cada vez mayores periodos para obtener pérdidas de agua adicionales semejantes. Con esta situación durante 278.1 minutos de proceso se consiguió un 44.58 % de pérdida de agua. Adicionalmente se hizo una evaluación sensorial de rebanadas de manzana secadas con aire caliente y con deshidratación osmótica mediante una prueba de aceptabilidad. No se percibió diferencia sensorial significativa para el olor y la blandura entre los dos tratamientos. Por otro lado, se observó mayor preferencia global y de sabor para el tratamiento con deshidratación osmótica y para el color se prefirió más el tratamiento de secado convencional. Se evaluó la aceptabilidad de jarabe reutilizado hasta nueve veces, el jarabe antes de la quinta reutilización no mostró diferencia con el jarabe inicial en todos sus atributos y después de la séptima reutilización la aceptabilidad fue mínima. --
520 3 _aThe osmotic dehydration process of apple slices cv. Golden Delicious using sucrose solutions to different concentrations (40, 50 and 60 °Brix), different temperatures (22, 31 and 40 °C) at fruit:solution proportion of 1:4 (p/p) during different times of immersion (60, 210 and 360 minutes) was evaluated. The loss of humidity increased as did temperature and solution concentration. Due to the logarithmic behavior of the process, the biggest loss of water took place in the first intervals of time, in such a way that as the process advanced bigger periods were required to obtain additional similar losses of water. In this situation, during 278.1 minutes of process was achieved a 44.58 % of water lost. Additionally, it was conducted a sensorial analysis of apple slices dried with hot air and with the osmotic process through an acceptability test. There was no difference in color and softness among the two treatments, but the global preference and that about flavor, favored material treated osmotically. The feasibility to reutilize the syrup was also evaluated and nine recirculations were proved. The acceptability results showed that before the fifth reutilization there was no difference respect the initial condition in all the attributes, but after the seventh one the acceptability was minimal.
650 1 3 _aApples
_xFood processing
_2atg
650 1 3 _aDeshidratación
_2atg
650 1 3 _aManzanas
_xProcesamiento de alimentos
_2atg
650 1 3 _aTratamiento osmótico
_2atg
650 1 3 _aOsmotic treatment
_2atg
650 1 3 _aWater stress
_2atg
700 1 _aHernández Montes, Arturo
_edirector
700 1 _aRamírez Sepúlveda, Marco Favio
_easesor
700 1 _aValle Guadarrama, Salvador
_easesor
856 4 1 _uhttp://10.13.5.2/tesis/108138.pdf
_yDESCARGAR PDF
901 _aTESIS C67 2008
902 _aM
905 _a5232272008 mx mn 8223223322spa16
942 _cTESIS
_2Clasificación Universidad Autónoma Chapingo
999 _c176137
_d176137